00678nam a2200181Ia 4500003000900000008004100009020001800050040001600068080001800084100001500102245024900117260003800366300001400404650001400418650002400432650002300456700001700479IN-BaIIA211028s9999 xx 000 0 eng d a981-02-0185-0 cIIA Library a524.3-64bSEN aSen, K. K. 0aRadiative transfer in curved mediabbasic mathematical methods for radiative transfer and transport problems in participating media of spherical and cylindrical geometrycK. K. Sen and S. J. Wilson  aSingaporebWorld Scientificc1990 aix, 347p. aRadiation aRadiative phenomena aRadiative transfer aWilson, S. J